Statistics for Cities and Places that End in "-ich"

Click here to take the quiz!

General Stats

  • This quiz has been taken 336 times
    (173 since last reset)
  • The average score is 4 of 7

Answer Stats

HintPopulationCity/Place% Correct
The capital of Bavaria1,456,039{Mun}ich
94%
Area of southeast London (Prime Meridian)30,578{Greenw}ich
82%
The capital of the canton that shares its name409,241{Zur}ich
71%
The earl of this town has a food named after him4,985{Sandw}ich
66%
The most complete medieval city in the UK141,300{Norw}ich
55%
Perhaps England's oldest town133,384{Ipsw}ich
39%
Indian town near Lucknow and the Nepalese border186,223{Bahra}ich
7%

Score Distribution

Percentile by Number Answered

Percent of People with Each Score

Your Score History

You have not taken this quiz since the last reset